000 00728nam a22002057a 4500
001 BD-DhSAU 9899
003 BD-DhSAU
005 20150625120428.0
008 150624b1988 bg ||||| |||| 00| 0 ben d
040 _aBD-DhSAU
082 _222
_a...
_b..
245 _aজহির রায়হান রচনাবলী /
_cআশরাফ সিদ্দিকী সম্পাদিত
250 _a১ম খণ্ড।
260 _aঢাকা :
_bআহমদ পাবলিশিং হাউস,
_c১৯৮৮.
300 _a৩৭১ পৃ। :
_c২১ সে মি।
590 _aJerin
650 _aউপন্যাস
700 _aসিদ্দিকী, আশরাফ
942 _2ddc
_cBOOK
999 _c9899
_d9898